|
|
|
|
| LEADER |
00000nab a2200000 a 4500 |
| 001 |
vtls000112478 |
| 003 |
SK-MaSNL |
| 005 |
20260305021413.0 |
| 008 |
040806c1982 xo 0 slo |
| 015 |
|
|
|a SNBRB19rr/mm-uuuuu
|
| 035 |
|
|
|a CL0122581
|
| 040 |
|
|
|a SNKBUCL
|b slo
|c SNKBUCL
|e AACR2
|
| 041 |
0 |
|
|a slo
|
| 044 |
|
|
|a xo
|c SK
|
| 080 |
|
|
|a 792.2
|2 1981
|
| 100 |
1 |
|
|a Fiala, Leopold,
|d 1921-1996
|4 aut
|9 160379
|
| 245 |
1 |
0 |
|a Málo presvedčivý Pekelník
|b Shawova hra bez shawovských čŕt
|c F-a
|
| 300 |
|
|
|b Obr. 1.
|
| 600 |
1 |
7 |
|a Shaw, Bernard,
|d 1856-1950
|t Don Juan v pekle
|2 snkbucl
|9 122596
|
| 610 |
2 |
7 |
|a Divadlo Nová scéna.
|b Činohra
|2 snkbucl
|9 119345
|
| 650 |
0 |
7 |
|a divadelné hry
|2 snkbucl
|9 79680
|
| 655 |
|
7 |
|a recenzie
|2 snkbucl
|9 21907
|
| 655 |
|
7 |
|a články z novín a časopisov
|2 snkbucl
|9 267496
|
| 773 |
0 |
|
|t Hlas ľudu
|g Roč. 28, č. 82 (7. 4. 1982), s. 3
|
| 850 |
|
|
|a Slovenská národná knižnica v Martine
|a MTA001
|
| 852 |
|
|
|a SNK
|b KIS3GCP
|
| 999 |
|
|
|c 3285721
|d 3287651
|